000 00657nam a2200241Ia 4500
003 OSt
005 20221005121949.0
006 a|||||r|||| 00| 0
007 ta
008 221004b |||||||| |||| 00| 0 eng d
024 _a57372
037 _cTextual
040 _aCRL
_cCRL
_beng
041 _2eng
_aeng
082 _aV2:19073:N3, H9
110 _aIndian
_951027
245 0 _aIndian American relations
_b Proceedings of the India-America Conference held in New Delhi in December 1949
260 _c1949
650 _aHISTORY
700 _aIndian
_951028
942 _hV2:19073:N3, H9
_cTEXL
_2cc
999 _c1042824
_d1042824